00438nam a2200169 a 450000100060000000300090000600800410001502000150005604000280007108200140009910000200011324500360013325000060016926000470017530000110022265000350023318626CO-ViMGA141112s2004 ck r 000 u spa d a8434222434 aCO-ViMGAbspacCO-ViMGA04a752 C151t1 aCanal, Fernanda10aTodo sobre la tecnica del color a2 aBarcelona (España), cParramón, c2002 a144.p.14aCOLOR - TECNICAS - ENSEÑANZA